[Event "Landesklasse Ost 2014/2015"]
[Site "?"]
[Date "2015.03.22"]
[Round "8"]
[White "Scheitz, Michael"]
[Black "Zeuner, Ulrich"]
[Result "1-0"]
[WhiteElo "1915"]
[BlackElo "1964"]
[PlyCount "69"]
[EventDate "2015.??.??"]
[WhiteTeam "SSV Vimaria 91 Weimar"]
[BlackTeam "SV Medizin Erfurt"]

1. d4 f5 2. Nc3 g6 3. h4 d5 4. Bf4 Bg7 5. e3 a6 6. h5 Nc6 7. hxg6 hxg6 8. Rxh8
Bxh8 9. Qf3 e5 10. dxe5 Be6 11. Qg3 Nge7 12. O-O-O Qd7 13. Na4 b6 14. Nf3 Nd8
15. Nc3 b5 16. Be2 b4 17. Nb1 Ndc6 18. Ng5 a5 19. Rh1 O-O-O 20. Rh7 b3 21. axb3
d4 22. e4 d3 23. Qxd3 Nd4 24. Nd2 Kb8 25. Kb1 a4 26. Bd1 axb3 27. c3 Qc6 28.
cxd4 fxe4 29. Qc3 Qd7 30. Bxb3 Bf5 31. Be3 Re8 32. Nc4 Nd5 33. Qa5 Qc6 34. Na3
Rc8 35. Bxd5 1-0

[Event "Landesklasse Ost 2014/2015"]
[Site "?"]
[Date "2015.03.22"]
[Round "8"]
[White "Rost, Detlef"]
[Black "Schmidt, Stephan"]
[Result "1-0"]
[WhiteElo "1845"]
[BlackElo "1667"]
[PlyCount "77"]
[EventDate "2015.??.??"]
[WhiteTeam "SV Medizin Erfurt"]
[BlackTeam "SSV Vimaria 91 Weimar"]

1. d4 d5 2. c4 e6 3. Nf3 Nf6 4. Bg5 h6 5. Bh4 Bb4+ 6. Nc3 Bxc3+ 7. bxc3 c6 8.
e3 Nbd7 9. Bd3 Qc7 10. O-O O-O 11. Bg3 Qa5 12. Qc2 Re8 13. Rab1 a6 14. c5 b6
15. cxb6 Bb7 16. Bc7 c5 17. Rfc1 Rec8 18. Qb2 Ne8 19. Bg3 Rc6 20. Ne5 Rxb6 21.
Qc2 Nxe5 22. Bxe5 c4 23. Be2 Bc6 24. Rxb6 Qxb6 25. Rb1 Qd8 26. Qb2 Bb5 27. Bd1
f6 28. Bg3 Qe7 29. Qb4 Qxb4 30. Rxb4 g6 31. a4 Bc6 32. Rb6 Rc8 33. Rxa6 Bd7 34.
Ra7 Rd8 35. a5 Bb5 36. Rb7 Bc6 37. Rb6 Ba8 38. Rxe6 Kf7 39. Rb6 1-0

[Event "Landesklasse Ost 2014/2015"]
[Site "?"]
[Date "2015.03.22"]
[Round "8"]
[White "Greger, Dominik"]
[Black "Schelter, Mario"]
[Result "1-0"]
[WhiteElo "1590"]
[BlackElo "1611"]
[PlyCount "77"]
[EventDate "2015.??.??"]
[WhiteTeam "SSV Vimaria 91 Weimar"]
[BlackTeam "SV Medizin Erfurt"]

1. d4 Nf6 2. Nf3 g6 3. Nc3 Bg7 4. e4 d6 5. Bg5 O-O 6. Qd2 Nbd7 7. e5 dxe5 8.
dxe5 Ng4 9. e6 Nb6 10. exf7+ Kxf7 11. Bd3 Kg8 12. O-O-O Bf5 13. Qe2 Qc8 14. h3
Nf6 15. Qxe7 Re8 16. Qb4 Be6 17. Qh4 Rf8 18. Rhe1 a5 19. Na4 Bd5 20. Nc3 Bxf3
21. gxf3 a4 22. a3 c6 23. Bh6 Nbd5 24. Ne4 Ra5 25. Nxf6+ Nxf6 26. Bc4+ Nd5 27.
Re7 Bxh6+ 28. Qxh6 Rf7 29. Rxf7 Kxf7 30. Qxh7+ Kf6 31. Bd3 Qe8 32. Qh4+ Kg7 33.
Rg1 Ne7 34. Qd4+ Kh7 35. Qh4+ Kg7 36. Qg4 Kh7 37. Kd2 Qf7 38. Qd7 Re5 39. Bxg6+
1-0

[Event "Landesklasse Ost 2014/2015"]
[Site "?"]
[Date "2015.03.22"]
[Round "8"]
[White "Schmidt, Uwe"]
[Black "Lieke, Arno"]
[Result "1-0"]
[WhiteElo "1894"]
[BlackElo "1688"]
[PlyCount "75"]
[EventDate "2015.??.??"]
[WhiteTeam "SV Medizin Erfurt"]
[BlackTeam "SSV Vimaria 91 Weimar"]

1. Nc3 d5 2. e4 c6 3. d3 dxe4 4. Nxe4 Bf5 5. Ng3 Bg6 6. Nf3 e6 7. Be2 Be7 8.
Be3 Nd7 9. Qd2 Bf6 10. O-O Ne7 11. Ne4 Bxe4 12. dxe4 O-O 13. Rad1 Ne5 14. Nd4
N5g6 15. c3 b6 16. Bg5 Bxg5 17. Qxg5 Qc7 18. h4 h6 19. Qg4 Qf4 20. h5 Qxg4 21.
Bxg4 Ne5 22. Be2 Rfd8 23. Nc2 Kf8 24. b3 Ke8 25. f4 Nd7 26. Kf2 Nc5 27. Bf3
Rxd1 28. Rxd1 Rd8 29. Nd4 Nd7 30. Ke3 e5 31. Nf5 Nxf5+ 32. exf5 exf4+ 33. Kxf4
c5 34. Bc6 f6 35. Ke4 Ke7 36. Rxd7+ Rxd7 37. Bxd7 Kxd7 38. Kd5 1-0

[Event "Landesklasse Ost 2014/2015"]
[Site "?"]
[Date "2015.03.22"]
[Round "8"]
[White "Hesse, Bodo"]
[Black "Stumm, Rainer"]
[Result "0-1"]
[WhiteElo "1700"]
[BlackElo "1584"]
[PlyCount "104"]
[EventDate "2015.??.??"]
[WhiteTeam "SSV Vimaria 91 Weimar"]
[BlackTeam "SV Medizin Erfurt"]

1. d4 e6 2. Nf3 f5 3. c4 Nf6 4. Nc3 d5 5. Bg5 Be7 6. e3 O-O 7. cxd5 exd5 8. Bd3
c6 9. Qc2 Ne4 10. Bxe7 Qxe7 11. O-O-O a5 12. Ne5 Na6 13. a3 Bd7 14. f3 Nd6 15.
Nxd7 Qxd7 16. e4 b5 17. e5 b4 18. Na4 Nb5 19. Nb6 Qb7 20. Nxa8 bxa3 21. bxa3
Qxa8 22. Bxb5 cxb5 23. Kd2 b4 24. Rb1 Qa7 25. Qd3 bxa3 26. Ke3 Nb4 27. Qc3 a2
28. Rb2 f4+ 29. Kd2 Qa6 30. Ra1 Rc8 31. Qb3 Qa7 32. Rbxa2 Qxd4+ 33. Ke2 Nxa2
34. Qxa2 Qxe5+ 35. Kf1 Rc2 36. Qxc2 Qxa1+ 37. Ke2 Qe5+ 38. Kf1 d4 39. Qb3+ Kf8
40. Qd3 g6 41. Qc4 Kg7 42. Qb3 Qd6 43. Ke2 d3+ 44. Kd2 Qb4+ 45. Qxb4 axb4 46.
Kxd3 Kf6 47. Kc4 Ke5 48. Kxb4 Kd4 49. h4 Ke3 50. Kc4 Kf2 51. Kd4 Kxg2 52. Ke4
Kg3 0-1

[Event "Landesklasse Ost 2014/2015"]
[Site "?"]
[Date "2015.03.22"]
[Round "8"]
[White "Vogel, Steffen"]
[Black "Zahn, Alina"]
[Result "1-0"]
[WhiteElo "1779"]
[BlackElo "1981"]
[PlyCount "117"]
[EventDate "2015.??.??"]
[WhiteTeam "SSV Vimaria 91 Weimar"]
[BlackTeam "SV Empor Erfurt"]

1. d4 Nf6 2. Nf3 e6 3. c4 d5 4. Nc3 Bb4 5. Qb3 Bxc3+ 6. bxc3 dxc4 7. Qxc4 O-O
8. Bg5 c6 9. e4 h6 10. Bh4 Qa5 11. Bd3 b6 12. Qb3 Ba6 13. Bxa6 Qxa6 14. Bxf6
gxf6 15. c4 Qa5+ 16. Ke2 Nd7 17. Rhd1 Rad8 18. Rd2 Kh7 19. Rad1 Rg8 20. Kf1 Qh5
21. Qe3 Rg7 22. h3 Rdg8 23. Ne1 Nf8 24. Rd3 Ng6 25. Qf3 Qg5 26. g3 Ne7 27. h4
Qg6 28. d5 cxd5 29. cxd5 e5 30. Rc3 Rd8 31. d6 Nc8 32. Rc6 f5 33. exf5 Qg4 34.
Qxg4 Rxg4 35. Nf3 Re4 36. f6 b5 37. Rd5 Rc4 38. Nxe5 Rxc6 39. Nxc6 Rxd6 40.
Rxd6 Nxd6 41. Nxa7 Kg6 42. Ke2 Kxf6 43. Kd3 Ke5 44. Nc6+ Kd5 45. Nd4 Kc5 46. g4
Kd5 47. Nf5 Nxf5 48. gxf5 Kc5 49. a3 Kd5 50. Kc3 Kc5 51. Kb3 Kc6 52. Kb4 Kb6
53. f6 h5 54. f3 Kc6 55. Ka5 Kc5 56. Ka6 Kc6 57. f4 Kc5 58. Kb7 Kc4 59. Kc6 1-0

[Event "Landesklasse Ost 2014/2015"]
[Site "?"]
[Date "2015.03.22"]
[Round "8"]
[White "Taudte, Stefan"]
[Black "Reichardt, Albert"]
[Result "1/2-1/2"]
[WhiteElo "1977"]
[BlackElo "1720"]
[PlyCount "77"]
[EventDate "2015.??.??"]
[WhiteTeam "SV Empor Erfurt"]
[BlackTeam "SSV Vimaria 91 Weimar"]

1. d4 Nf6 2. c4 c5 3. d5 b5 4. cxb5 a6 5. bxa6 Bxa6 6. Nc3 d6 7. g3 g6 8. e4
Bxf1 9. Kxf1 Bg7 10. f4 Nfd7 11. Nf3 Qb6 12. Kg2 O-O 13. Re1 Na6 14. e5 Nc7 15.
h4 c4 16. Qe2 Qa6 17. h5 Nc5 18. Rh1 Nd3 19. e6 fxe6 20. dxe6 Rf6 21. Ne4 Rf5
22. hxg6 h6 23. Nh4 Qb5 24. Nc3 Qc6+ 25. Kh2 Rf6 26. f5 Nxc1 27. Rhxc1 d5 28.
Rd1 Rd8 29. g4 Rff8 30. g5 Qd6+ 31. Kh3 Qf4 32. gxh6 Qxh6 33. Qg4 Ne8 34. Rg1
Nf6 35. Qg5 Qh8 36. Rad1 d4 37. Ne2 Ne4 38. Qf4 Nc5 39. Kg4 1/2-1/2

[Event "Landesklasse Ost 2014/2015"]
[Site "?"]
[Date "2015.03.22"]
[Round "8"]
[White "Mitter, Frank"]
[Black "Weishäutel, Moritz"]
[Result "0-1"]
[WhiteElo "1752"]
[BlackElo "1849"]
[PlyCount "92"]
[EventDate "2015.??.??"]
[WhiteTeam "SSV Vimaria 91 Weimar"]
[BlackTeam "SV Empor Erfurt"]

1. d4 d5 2. c4 e6 3. Nc3 Nf6 4. Bg5 Be7 5. e3 O-O 6. Nf3 Nbd7 7. Bd3 dxc4 8.
Bxc4 a6 9. O-O b5 10. Bd3 Bb7 11. a4 b4 12. Nb1 c5 13. Nbd2 h6 14. Bh4 Rc8 15.
Qe2 Qb6 16. Rfc1 cxd4 17. exd4 g5 18. Bg3 g4 19. Ne5 Qxd4 20. Nxd7 Qxd7 21. Ne4
Nxe4 22. Bxe4 Bxe4 23. Qxe4 f5 24. Qe5 Bf6 25. Qd6 Qxd6 26. Bxd6 Rxc1+ 27. Rxc1
Bxb2 28. Rb1 Bc3 29. Bxf8 Kxf8 30. Kf1 Ke7 31. Ke2 Kd6 32. Kd3 Kc5 33. f3 gxf3
34. gxf3 e5 35. h3 Kd5 36. Rg1 Bd4 37. Rg8 b3 38. Rc8 e4+ 39. fxe4+ fxe4+ 40.
Kd2 b2 41. Rb8 Kc4 42. Kc2 e3 43. Re8 b1=Q+ 44. Kxb1 Kd3 45. Kc1 e2 46. Kb1 Kd2
0-1

[Event "Landesklasse Ost 2014/2015"]
[Site "?"]
[Date "2015.03.22"]
[Round "8"]
[White "Michalowski, Peter"]
[Black "Petigk, Falk"]
[Result "1-0"]
[WhiteElo "2043"]
[BlackElo "1697"]
[PlyCount "121"]
[EventDate "2015.??.??"]
[WhiteTeam "SV Empor Erfurt"]
[BlackTeam "SSV Vimaria 91 Weimar"]

1. e4 c5 2. Nf3 e6 3. d4 cxd4 4. Nxd4 Nf6 5. Nc3 Nc6 6. Ndb5 d6 7. Bf4 e5 8.
Bg5 a6 9. Na3 b5 10. Nd5 Be7 11. Bxf6 Bxf6 12. c3 Bg5 13. Nc2 Rb8 14. Ncb4 Bb7
15. a4 Nxb4 16. Nxb4 Bxe4 17. Nxa6 Rb6 18. Bxb5+ Bc6 19. Bxc6+ Rxc6 20. Nb4 Rc4
21. O-O O-O 22. a5 Qc7 23. a6 Ra8 24. Qd5 Ra7 25. Rfd1 Be7 26. Ra5 Rc5 27. Rxc5
dxc5 28. Nc6 Rxa6 29. Nxe5 Bd6 30. g3 g6 31. Nc4 Bf8 32. Kg2 Re6 33. Ra1 Qc6
34. Qxc6 Rxc6 35. Ra7 Re6 36. Rb7 Re4 37. Nb6 Kg7 38. Kf3 Re8 39. Nc4 Kf6 40.
Nb6 Ke6 41. Rc7 Rd8 42. Rc8 Rxc8 43. Nxc8 Kd5 44. Nb6+ Kc6 45. Nc4 Kb5 46. Nd2
Bh6 47. Ke2 f5 48. b3 Kc6 49. Kd3 Kd5 50. Nc4 Bf8 51. f3 Be7 52. Ne3+ Ke5 53.
Kc4 h5 54. Nd5 Bd6 55. Nf4 Kf6 56. Kd5 Be5 57. Kxc5 h4 58. Nd5+ Ke6 59. f4 hxg3
60. hxg3 Bd6+ 61. Kc6 1-0

[Event "Landesklasse Ost 2014/2015"]
[Site "?"]
[Date "2015.03.22"]
[Round "8"]
[White "Latka, Richard"]
[Black "Nicolai, Tim"]
[Result "1/2-1/2"]
[WhiteElo "1697"]
[BlackElo "1723"]
[PlyCount "56"]
[EventDate "2015.??.??"]
[WhiteTeam "SSV Vimaria 91 Weimar"]
[BlackTeam "SV Empor Erfurt"]

1. e4 e5 2. Nf3 Nc6 3. Bb5 a6 4. Ba4 f5 5. Bxc6 dxc6 6. Nxe5 Nf6 7. exf5 Bxf5
8. O-O Bd6 9. Nf3 O-O 10. d3 Qe8 11. Nc3 Qh5 12. Ne2 Ng4 13. Ng3 Bxg3 14. fxg3
Bxd3 15. Qxd3 Rxf3 16. Rxf3 Qxh2+ 17. Kf1 Qh1+ 18. Ke2 Qxg2+ 19. Kd1 Ne5 20.
Qb3+ Kh8 21. Rd3 Qf1+ 22. Kd2 Re8 23. Re3 Nf3+ 24. Kc3 Rxe3+ 25. Bxe3 Qxa1 26.
Qe6 Qe1+ 27. Kc4 Qe2+ 28. Kc3 Qe1+ 1/2-1/2

[Event "Landesklasse Ost 2014/2015"]
[Site "?"]
[Date "2015.03.22"]
[Round "8"]
[White "Heinke, Jasper"]
[Black "Gulich, Wolfgang"]
[Result "1-0"]
[WhiteElo "1780"]
[BlackElo "1768"]
[PlyCount "39"]
[EventDate "2015.??.??"]
[WhiteTeam "SV Empor Erfurt"]
[BlackTeam "SSV Vimaria 91 Weimar"]

1. d4 Nf6 2. c4 e6 3. Nc3 Bb4 4. f3 c5 5. a3 cxd4 6. axb4 dxc3 7. bxc3 b6 8. e4
Qc7 9. b5 Bb7 10. Qd4 e5 11. Qd2 d6 12. Ba3 Ke7 13. Rd1 Rd8 14. Ne2 Ne8 15. Ng3
f6 16. Nf5+ Ke6 17. c5 bxc5 18. Qa2+ Kd7 19. Qf7+ Kc8 20. Ne7+ 1-0

[Event "Landesklasse Ost 2014/2015"]
[Site "?"]
[Date "2015.03.22"]
[Round "8"]
[White "Gebuhr, Günter"]
[Black "Thiemann, Jürgen"]
[Result "1/2-1/2"]
[WhiteElo "1775"]
[BlackElo "1677"]
[PlyCount "63"]
[EventDate "2015.??.??"]
[WhiteTeam "SSV Vimaria 91 Weimar"]
[BlackTeam "SV Empor Erfurt"]

1. e4 c6 2. d4 d5 3. Nc3 dxe4 4. Nxe4 Nd7 5. Nf3 Ngf6 6. Nxf6+ Nxf6 7. Bc4 e6
8. O-O Bd6 9. Bg5 h6 10. Bh4 Qc7 11. Qe2 b6 12. Rfe1 Nd5 13. Ne5 Bxe5 14. dxe5
Bb7 15. Bb3 g5 16. Bg3 O-O-O 17. Rad1 Ne7 18. c3 c5 19. Rxd8+ Rxd8 20. Rd1
Rxd1+ 21. Bxd1 Nf5 22. Bc2 Qc6 23. f3 Nxg3 24. hxg3 Qd7 25. Kf2 Kd8 26. Qd3
Qxd3 27. Bxd3 Ke7 28. Ke3 f5 29. exf6+ Kxf6 30. Be4 Ba6 31. g4 e5 32. g3
1/2-1/2

[Event "Landesklasse Ost 2014/2015"]
[Site "?"]
[Date "2015.03.22"]
[Round "8"]
[White "Streichardt, Niklas"]
[Black "Walther, Gerd"]
[Result "1/2-1/2"]
[WhiteElo "1609"]
[BlackElo "1774"]
[PlyCount "42"]
[EventDate "2015.??.??"]
[WhiteTeam "SV Empor Erfurt"]
[BlackTeam "SSV Vimaria 91 Weimar"]

1. e4 c5 2. Nf3 e6 3. d4 cxd4 4. Nxd4 a6 5. Nc3 Qc7 6. a3 Nf6 7. Bd3 Be7 8. Bd2
d6 9. Qe2 Bd7 10. f4 Nc6 11. Nb3 b5 12. Qf3 Rb8 13. Ne2 h5 14. h3 h4 15. Bc3 a5
16. Bd2 Nh5 17. Rf1 a4 18. Nbd4 Na5 19. b3 Ng3 20. Nxg3 hxg3 21. Rb1 Bd8
1/2-1/2

[Event "Landesklasse Ost 2014/2015"]
[Site "?"]
[Date "2015.03.22"]
[Round "8"]
[White "Rauhut, Frank"]
[Black "Sack, Matthias"]
[Result "1-0"]
[WhiteElo "1862"]
[BlackElo "1963"]
[PlyCount "81"]
[EventDate "2015.??.??"]
[WhiteTeam "SV Jenapharm Jena"]
[BlackTeam "SV Hermsdorf"]

1. d4 Nf6 2. c4 e6 3. Nf3 c5 4. d5 exd5 5. cxd5 d6 6. Nc3 g6 7. e4 a6 8. a4 Bg4
9. Be2 Bxf3 10. Bxf3 Bg7 11. O-O O-O 12. Bf4 Ne8 13. Qd2 Nd7 14. Bh6 Qb6 15.
Bxg7 Nxg7 16. Be2 f5 17. Kh1 f4 18. a5 Qd8 19. Na4 Qe7 20. Rfe1 Rae8 21. Bf3
Ne5 22. Qe2 Qh4 23. Nb6 Re7 24. b3 g5 25. Nc4 Nxf3 26. gxf3 Nf5 27. Rg1 Nd4 28.
Qd3 Rf6 29. Rg4 Qh5 30. Rag1 Rg7 31. b4 Qh3 32. Rxg5 Rxg5 33. Rxg5+ Kf8 34. Nd2
Rh6 35. Rg2 Qh5 36. bxc5 dxc5 37. Qc4 Nxf3 38. Qxc5+ Kf7 39. Qc7+ Kf8 40. Qxf4+
Ke8 41. Rg8+ 1-0

[Event "Landesklasse Ost 2014/2015"]
[Site "?"]
[Date "2015.03.22"]
[Round "8"]
[White "Skarus, Steffen"]
[Black "Bülau, Daniel"]
[Result "1-0"]
[WhiteElo "1841"]
[BlackElo "1617"]
[PlyCount "107"]
[EventDate "2015.??.??"]
[WhiteTeam "SV Jenapharm Jena"]
[BlackTeam "SV Hermsdorf"]

1. c4 e6 2. g3 d5 3. Bg2 Nf6 4. Nf3 Be7 5. O-O O-O 6. b3 c5 7. cxd5 exd5 8. d4
b6 9. Bb2 Bb7 10. Nbd2 Nbd7 11. Rc1 Rc8 12. Re1 Re8 13. e3 cxd4 14. Rxc8 Qxc8
15. Nxd4 Nc5 16. N2f3 a6 17. Re2 Bd6 18. Rc2 Qd7 19. Nh4 Be5 20. Qf1 g6 21.
Nhf3 Bd6 22. Bh3 Qd8 23. Qd1 Bf8 24. Ne1 Bg7 25. b4 Nce4 26. Nd3 Ng5 27. Bg2
Qd7 28. Qc1 Rc8 29. Rxc8+ Qxc8 30. Qxc8+ Bxc8 31. Nc6 Bb7 32. Ne7+ Kf8 33. Bxf6
Bxf6 34. Nxd5 Bd8 35. Ne5 Bxd5 36. Bxd5 f6 37. Nc6 Bc7 38. Nd4 Ke7 39. f4 Nf7
40. Bc4 b5 41. Bd5 Nd6 42. Kf2 h6 43. e4 Bb6 44. Ke3 Ne8 45. Kd3 Nc7 46. Bb7
Kd6 47. g4 a5 48. bxa5 Bxa5 49. e5+ fxe5 50. fxe5+ Kd7 51. Be4 g5 52. Bc6+ Ke7
53. Ke4 b4 54. Nf5+ 1-0

[Event "Landesklasse Ost 2014/2015"]
[Site "?"]
[Date "2015.03.22"]
[Round "8"]
[White "Pietzsch, Gerhard"]
[Black "Wagner, Günther"]
[Result "1-0"]
[WhiteElo "1821"]
[BlackElo "1790"]
[PlyCount "59"]
[EventDate "2015.??.??"]
[WhiteTeam "SV Hermsdorf"]
[BlackTeam "SV Jenapharm Jena"]

1. e4 c5 2. Nf3 d6 3. d4 cxd4 4. Nxd4 Nf6 5. Nc3 g6 6. Bc4 Bg7 7. O-O O-O 8.
Bb3 Nc6 9. Nxc6 bxc6 10. f4 a5 11. Kh1 Qb6 12. Qe1 Bb7 13. e5 dxe5 14. fxe5 Nd5
15. Na4 Qd4 16. c4 Nc7 17. Bf4 Rfd8 18. Rd1 Qa7 19. Be3 Rxd1 20. Bxd1 Qb8 21.
Nb6 Ra6 22. Nd7 Qc8 23. Nc5 Ra8 24. Qf2 f5 25. exf6 exf6 26. Bd4 Ne8 27. Re1
Ba6 28. b3 Qd8 29. Bf3 Qc8 30. Re6 1-0

[Event "Landesklasse Ost 2014/2015"]
[Site "?"]
[Date "2015.03.22"]
[Round "8"]
[White "Asmykovich, Ihar"]
[Black "Schulz, Phillip"]
[Result "1/2-1/2"]
[WhiteElo "1696"]
[BlackElo "1734"]
[PlyCount "126"]
[EventDate "2015.??.??"]
[WhiteTeam "SV Jenapharm Jena"]
[BlackTeam "SV Hermsdorf"]

1. d4 c5 2. Nf3 cxd4 3. Nxd4 Nf6 4. g3 g6 5. Bg2 Bg7 6. O-O O-O 7. c4 Nc6 8.
Nc3 Qb6 9. Nb3 d6 10. Be3 Qc7 11. Nd5 Nxd5 12. cxd5 Ne5 13. Rc1 Qd8 14. Bd4 Bd7
15. Nd2 Qa5 16. Bc3 Qb6 17. Bxe5 Bxe5 18. Nc4 Qd8 19. Nxe5 dxe5 20. d6 Be6 21.
Bxb7 Rb8 22. Bd5 exd6 23. b3 Qe7 24. Qd2 Rfd8 25. Qa5 Bxd5 26. Qxd5 a6 27. Rc6
Rb5 28. Qc4 d5 29. Qa4 Qb7 30. Qxa6 Ra8 31. Qxb7 Rxb7 32. Rc2 Ra3 33. Rd1 d4
34. Kf1 Kf8 35. Rdc1 Rba7 36. Rc5 Rxa2 37. Rxe5 Rb2 38. Rd5 Rxb3 39. Rxd4 Rb2
40. Rf4 Kg7 41. h4 h5 42. g4 hxg4 43. Rxg4 Rd7 44. h5 Re7 45. hxg6 fxg6 46. Rc6
Rbxe2 47. Rcxg6+ Kf7 48. Rg7+ Kf6 49. Rg8 Ra2 50. R8g6+ Kf5 51. R6g5+ Kf6 52.
Rb5 Re6 53. Kg2 Rc2 54. Kg3 Rc3+ 55. f3 Ree3 56. Rb6+ Kf5 57. Rb5+ Kf6 58. Rf4+
Kg6 59. Kg4 Re1 60. Rb6+ Kg7 61. Re4 Rg1+ 62. Kf5 Rxf3+ 63. Rf4 Rxf4+ 1/2-1/2

[Event "Landesklasse Ost 2014/2015"]
[Site "?"]
[Date "2015.03.22"]
[Round "8"]
[White "Riechmann, Jonas"]
[Black "Baulig, Manuel"]
[Result "0-1"]
[WhiteElo "1428"]
[BlackElo "1536"]
[PlyCount "76"]
[EventDate "2015.??.??"]
[WhiteTeam "SV Jenapharm Jena"]
[BlackTeam "SV Hermsdorf"]

1. c4 Nf6 2. g3 d5 3. cxd5 Nxd5 4. Bg2 e6 5. e3 Be7 6. Ne2 O-O 7. O-O Nd7 8.
Nbc3 N7b6 9. e4 Nf6 10. d4 c5 11. Be3 Nc4 12. Bc1 cxd4 13. Nxd4 Bc5 14. Nc2
Qxd1 15. Nxd1 Bd7 16. b3 Ne5 17. Bb2 Nd3 18. Bxf6 gxf6 19. Nde3 Bc6 20. Rab1 a6
21. Kh1 Rfd8 22. Ng4 Kg7 23. Nce3 h5 24. Nxf6 Kxf6 25. a4 Kg6 26. h4 Nxf2+ 27.
Rxf2 Bxe3 28. Rff1 Rd2 29. Rfe1 Bf2 30. Rec1 Bxg3 31. Rc3 Bxh4 32. Rh3 Bg5 33.
Bf3 Rh8 34. Rg1 e5 35. Rhg3 f6 36. Rh3 Bd7 37. Rh2 Rd3 38. Rg3 Re3 0-1

[Event "Landesklasse Ost 2014/2015"]
[Site "?"]
[Date "2015.03.22"]
[Round "8"]
[White "Sperhake, Franz"]
[Black "Wolf, Erasmus"]
[Result "1-0"]
[WhiteElo "1552"]
[BlackElo "1371"]
[PlyCount "65"]
[EventDate "2015.??.??"]
[WhiteTeam "SV Hermsdorf"]
[BlackTeam "SV Jenapharm Jena"]

1. d4 d5 2. Nf3 Nf6 3. Bg5 e6 4. c4 Be7 5. Nc3 Nc6 6. e3 h6 7. Bh4 O-O 8. Be2
dxc4 9. Bxc4 Nd5 10. Bxe7 Ncxe7 11. O-O b6 12. e4 Nxc3 13. bxc3 Bb7 14. Qe2 Qd6
15. Ne5 Nc6 16. Nxc6 Qxc6 17. d5 Qe8 18. dxe6 fxe6 19. f4 Kh8 20. Rad1 Qc6 21.
Rd4 Rad8 22. Rxd8 Rxd8 23. Re1 Qd6 24. Qe3 Re8 25. Bb3 e5 26. f5 c5 27. Rd1 Qe7
28. Bd5 Rd8 29. c4 Ba6 30. Rf1 Qf6 31. Qa3 Bc8 32. Qxa7 Rd7 33. Qb8 1-0

[Event "Landesklasse Ost 2014/2015"]
[Site "?"]
[Date "2015.03.22"]
[Round "8"]
[White "Berkov, Mikhail"]
[Black "Janisch, Manfred"]
[Result "1-0"]
[WhiteElo "1806"]
[BlackElo "1744"]
[PlyCount "55"]
[EventDate "2015.??.??"]
[WhiteTeam "SV Schott Jena"]
[BlackTeam "Schachzirkel Elstertal Langenberg"]

1. e4 c5 2. c3 e5 3. Nf3 Nc6 4. d4 cxd4 5. cxd4 exd4 6. Nxd4 Bc5 7. Nb3 Be7 8.
Nc3 Nf6 9. Bf4 Bb4 10. Bd3 d5 11. e5 Ng4 12. O-O Be6 13. Qe2 h5 14. h3 g5 15.
Bg3 h4 16. Bh2 Nxh2 17. Kxh2 Qd7 18. a3 Be7 19. f4 gxf4 20. Bb5 Rg8 21. Nd4
Bxh3 22. gxh3 Rg3 23. e6 fxe6 24. Qxe6 Qxe6 25. Nxe6 Kd7 26. Nxf4 Bd6 27. Ncxd5
a6 28. Nb6+ 1-0

[Event "Landesklasse Ost 2014/2015"]
[Site "?"]
[Date "2015.03.22"]
[Round "8"]
[White "Watzke, Birger"]
[Black "Neubauer, Ralf"]
[Result "1-0"]
[WhiteElo "2155"]
[BlackElo "1918"]
[PlyCount "55"]
[EventDate "2015.??.??"]
[WhiteTeam "Schachzirkel Elstertal Langenberg"]
[BlackTeam "SV Schott Jena"]

1. c4 e5 2. g3 Nf6 3. Bg2 d5 4. cxd5 Nxd5 5. Nc3 Nb6 6. Nf3 Nc6 7. d3 Be7 8.
O-O Be6 9. a3 a5 10. Na4 Nd5 11. Bd2 O-O 12. Rc1 Kh8 13. Nc5 Bc8 14. Qb3 Nb6
15. Be3 Rb8 16. Rfd1 f5 17. d4 e4 18. d5 exf3 19. dxc6 Qe8 20. Bxf3 Bxc5 21.
Bxc5 Rf6 22. Bxb6 bxc6 23. Bxc6 Qf8 24. Bc5 Rxb3 25. Bxf8 Rxf8 26. Rd2 Be6 27.
Rc5 Rb6 28. Bf3 1-0

[Event "Landesklasse Ost 2014/2015"]
[Site "?"]
[Date "2015.03.22"]
[Round "8"]
[White "Streit, Jürgen"]
[Black "Schulz, Uwe"]
[Result "1/2-1/2"]
[WhiteElo "1742"]
[BlackElo "1746"]
[PlyCount "100"]
[EventDate "2015.??.??"]
[WhiteTeam "Schachzirkel Elstertal Langenberg"]
[BlackTeam "SV Schott Jena"]

1. e4 c5 2. Nf3 Nc6 3. Bb5 g6 4. Bxc6 dxc6 5. d3 Bg7 6. h3 e6 7. Nc3 Ne7 8. Be3
b6 9. Qd2 Qc7 10. a4 O-O 11. Bh6 e5 12. h4 f6 13. Nh2 Be6 14. b3 Rad8 15. Bxg7
Kxg7 16. Qe3 Qd7 17. Ne2 Rfe8 18. O-O Ng8 19. a5 Ra8 20. Ra3 Qd6 21. axb6 axb6
22. Rfa1 Rxa3 23. Rxa3 Qe7 24. Qc1 Rb8 25. Qa1 Qd7 26. f4 exf4 27. Nxf4 Bf7 28.
Nf3 Qd6 29. e5 fxe5 30. Qxe5+ Qxe5 31. Nxe5 Be8 32. Ra7+ Kf6 33. Nd7+ Bxd7 34.
Rxd7 Ne7 35. g3 Nf5 36. Kf2 h5 37. Rc7 Rd8 38. Rxc6+ Rd6 39. Rc8 Nd4 40. Rg8
Kf7 41. Rb8 Nxc2 42. Rb7+ Kf6 43. Rxb6 Rxb6 44. Nd5+ Ke6 45. Nxb6 Nd4 46. Ke3
Nxb3 47. Nc4 Nd4 48. Nd2 Nf5+ 49. Kf4 Kd5 50. Kf3 Nd4+ 1/2-1/2

[Event "Landesklasse Ost 2014/2015"]
[Site "?"]
[Date "2015.03.22"]
[Round "8"]
[White "Bönisch, Julian"]
[Black "Gölles, Michael"]
[Result "1-0"]
[WhiteElo "1608"]
[BlackElo "1549"]
[PlyCount "73"]
[EventDate "2015.??.??"]
[WhiteTeam "SV Schott Jena"]
[BlackTeam "Schachzirkel Elstertal Langenberg"]

1. Nf3 d5 2. g3 Nf6 3. Bg2 e6 4. O-O Bd6 5. d3 O-O 6. Nbd2 Nbd7 7. e4 c6 8. Qe2
dxe4 9. dxe4 e5 10. Nc4 Bc7 11. Nh4 Re8 12. Nf5 b5 13. Ncd6 Bxd6 14. Nxd6 Re6
15. Nxc8 Rxc8 16. Rd1 Qc7 17. Bh3 Rd6 18. Bg5 Rd8 19. Rxd6 Qxd6 20. Rd1 Qe7 21.
Qd3 h6 22. Bxf6 gxf6 23. Bxd7 h5 24. Qd6 Qxd6 25. Rxd6 Kf8 26. Rd1 Ke7 27. g4
Rxd7 28. Rxd7+ Kxd7 29. gxh5 Ke7 30. Kg2 Kf8 31. Kg3 Kg7 32. Kg4 Kh6 33. b4 a6
34. a3 Kg7 35. Kf5 Kh6 36. Kxf6 Kxh5 37. Kxe5 1-0

[Event "Landesklasse Ost 2014/2015"]
[Site "?"]
[Date "2015.03.22"]
[Round "8"]
[White "Espig, Christian"]
[Black "Werner, Martin"]
[Result "1/2-1/2"]
[WhiteElo "1548"]
[BlackElo "1457"]
[PlyCount "101"]
[EventDate "2015.??.??"]
[WhiteTeam "Schachzirkel Elstertal Langenberg"]
[BlackTeam "SV Schott Jena"]

1. d4 Nf6 2. c4 g6 3. Nc3 d5 4. cxd5 Nxd5 5. e4 Nxc3 6. bxc3 Bg7 7. Nf3 c5 8.
Bb5+ Bd7 9. Bxd7+ Qxd7 10. O-O O-O 11. Be3 cxd4 12. cxd4 Nc6 13. Rc1 Rfd8 14.
d5 Ne5 15. Nxe5 Bxe5 16. f4 Bg7 17. Qb3 e6 18. Rfd1 exd5 19. Rxd5 Qe7 20. e5
Rxd5 21. Qxd5 Rd8 22. Qb3 b6 23. Rc6 Qh4 24. Rc1 Qg4 25. h3 Qe2 26. e6 fxe6 27.
Qxe6+ Kh8 28. Rc8 Qe1+ 29. Kh2 Qh4 30. Rc7 Qf6 31. Qxf6 Bxf6 32. Rxa7 Bd4 33.
Bxd4+ Rxd4 34. Kg3 b5 35. Kg4 Rd5 36. Kf3 h5 37. Ke4 Rc5 38. Kf3 Rc3+ 39. Kf2
h4 40. Ke2 Rg3 41. Kf2 Rc3 42. Re7 Ra3 43. Re2 Kg7 44. Rb2 Kf6 45. Rxb5 Rxa2+
46. Ke3 Ra3+ 47. Kf2 Ra4 48. Kf3 Ra3+ 49. Kg4 Rg3+ 50. Kxh4 Rxg2 51. Rg5
1/2-1/2

[Event "Landesklasse Ost 2014/2015"]
[Site "?"]
[Date "2015.03.22"]
[Round "8"]
[White "Flechsig, Bernd"]
[Black "Nestler, Klaus"]
[Result "1-0"]
[WhiteElo "1716"]
[BlackElo "1487"]
[PlyCount "43"]
[EventDate "2015.??.??"]
[WhiteTeam "SV Schott Jena"]
[BlackTeam "Schachzirkel Elstertal Langenberg"]

1. e4 e6 2. d3 d5 3. Qe2 dxe4 4. dxe4 Nf6 5. Nf3 Be7 6. g3 a6 7. Bg2 Bd7 8. O-O
Bb5 9. c4 Bc6 10. Rd1 Qc8 11. Nc3 O-O 12. Nd4 e5 13. Nf5 Bb4 14. a3 Bc5 15. b4
Bxf2+ 16. Qxf2 Qe6 17. Nd5 Bxd5 18. exd5 Qe8 19. Bg5 Nbd7 20. c5 h6 21. Nxh6+
gxh6 22. Bxf6 1-0